000 01003cam a2200325 4500
001 1841
003 BD-RjUL
005 20211208233426.0
008 1312 s1973 enk b 000 0 eng
020 _a0333122151
035 _a(BD-RjUL)1868
040 _aDLC
_cDLC
_dDLC
_dBD-RjUL
_beng
041 _aeng
082 0 0 _a330.1
_216
_bROA 1973
100 1 _aRowley, Charles Kershaw.
_96099
245 1 0 _aAntitrust and economic efficiency /
_cCharles K. Rowley.
260 _aLondon :
_bMacmillan ,
_cc1973.
300 _a96 p. ;
_c21 cm.
350 _a£0.75
490 0 _aMacmillan studies in economics
490 0 _aPapermac
504 _aBibliography: p. 91-[96]
650 0 _aIndustrial policy.
_96100
650 0 _aIndustrial organization (Economic theory)
_96101
650 0 _aIndustrial efficiency.
_96102
856 _uhttp://www.worldcat.org/title/antitrust-and-economic-efficiency/oclc/666471&referer=brief_results
942 _2ddc
_cBK
999 _c1841
_d1841